[Event "euyr2018"]
[Site "?"]
[Date "2018.05.25"]
[Round "2.13"]
[White "Persanyi, Barnabas"]
[Black "Saraev, Yaroslav"]
[Result "1-0"]
[BlackElo "1666"]
[WhiteElo "2049"]
[LiveChessVersion "1.4.8"]

1. Nf3 {[%clk 0:20:17]} Nf6 {[%clk 0:20:18]} 2. c4 {[%clk 0:20:23]} g6
{[%clk 0:20:14]} 3. b3 {[%clk 0:20:26]} Bg7 {[%clk 0:20:17]} 4. Bb2
{[%clk 0:20:34]} O-O {[%clk 0:20:19]} 5. g3 {[%clk 0:20:37]} d6 {[%clk 0:20:06]}
6. Bg2 {[%clk 0:20:27]} e5 {[%clk 0:15:06]} 7. O-O {[%clk 0:20:23]} c6
{[%clk 0:14:08]} 8. Nc3 {[%clk 0:19:25]} Nbd7 {[%clk 0:11:04]} 9. d3
{[%clk 0:18:35]} Re8 {[%clk 0:10:58]} 10. Qc2 {[%clk 0:18:07]} Nc5
{[%clk 0:06:52]} 11. b4 {[%clk 0:17:42]} Ne6 {[%clk 0:07:02]} 12. e3
{[%clk 0:17:36]} Nh5 {[%clk 0:06:47]} 13. b5 {[%clk 0:17:01]} Bd7
{[%clk 0:04:54]} 14. a4 {[%clk 0:16:03]} f5 {[%clk 0:04:48]} 15. Ba3
{[%clk 0:15:27]} c5 {[%clk 0:03:25]} 16. Bb2 {[%clk 0:14:57]} Rb8
{[%clk 0:02:20]} 17. Rad1 {[%clk 0:14:33]} g5 {[%clk 0:01:22]} 18. Nd5
{[%clk 0:13:58]} g4 {[%clk 0:01:23]} 19. Nh4 {[%clk 0:12:16]} Qg5
{[%clk 0:01:32]} 20. f4 {[%clk 0:11:54]} exf4 {[%clk 0:01:16]} 21. exf4
{[%clk 0:11:57]} Nd4 {[%clk 0:01:18]} 22. fxg5 {[%clk 0:11:27]} Nxc2
{[%clk 0:01:27]} 23. Bxg7 {[%clk 0:11:28]} Kxg7 {[%clk 0:01:33]} 24. Nxf5+
{[%clk 0:11:25]} Bxf5 {[%clk 0:01:38]} 25. Rxf5 {[%clk 0:11:34]} Nd4
{[%clk 0:01:24]} 26. Rf2 {[%clk 0:11:22]} Kg6 {[%clk 0:01:31]} 27. Be4+
{[%clk 0:10:59]} Kxg5 {[%clk 0:01:34]} 28. Rdf1 {[%clk 0:11:00]} a6
{[%clk 0:00:24]} 29. b6 {[%clk 0:10:31]} Re5 {[%clk 0:00:15]} 30. Rf7
{[%clk 0:10:10]} Rxe4 {[%clk 0:00:12]} 31. dxe4 {[%clk 0:10:16]} Nf3+
{[%clk 0:00:20]} 32. R1xf3 {[%clk 0:09:52]} gxf3 {[%clk 0:00:29]} 33. Kf2
{[%clk 0:09:24]} Kg6 {[%clk 0:00:19]} 34. Rd7 {[%clk 0:09:30]} Ng7
{[%clk 0:00:12]} 35. Rxd6+ {[%clk 0:09:23]} Kf7 {[%clk 0:00:21]} 36. Rd7+
{[%clk 0:09:14]} Kf8 {[%clk 0:00:19]} 37. e5 {[%clk 0:08:36]} Ne6
{[%clk 0:00:25]} 38. Rxh7 {[%clk 0:08:40]} Ke8 {[%clk 0:00:11]} 39. Nf6+
{[%clk 0:08:34]} Kd8 {[%clk 0:00:12]} 40. Rh8+ {[%clk 0:08:36]} 1-0

[Event "euyr2018"]
[Site "?"]
[Date "2018.05.25"]
[Round "2.14"]
[White "Jun, Rudolf Jr."]
[Black "Malyovanyi, Yulian"]
[Result "1/2-1/2"]
[BlackElo "1972"]
[WhiteElo "1624"]
[LiveChessVersion "1.4.8"]

1. e4 {[%clk 0:20:18]} c5 {[%clk 0:20:19]} 2. c4 {[%clk 0:20:26]} Nc6
{[%clk 0:20:24]} 3. Nc3 {[%clk 0:20:13]} g6 {[%clk 0:20:32]} 4. Be2
{[%clk 0:19:31]} Bg7 {[%clk 0:20:39]} 5. Nf3 {[%clk 0:18:23]} d6 {[%clk 0:20:47]}
6. O-O {[%clk 0:18:22]} Bg4 {[%clk 0:19:29]} 7. b3 {[%clk 0:17:52]} Bxf3
{[%clk 0:19:36]} 8. Bxf3 {[%clk 0:18:00]} e6 {[%clk 0:19:43]} 9. Bb2
{[%clk 0:18:00]} Nge7 {[%clk 0:19:42]} 10. Rb1 {[%clk 0:17:20]} Nd4
{[%clk 0:18:20]} 11. Nb5 {[%clk 0:16:29]} Nec6 {[%clk 0:16:58]} 12. Nxd4
{[%clk 0:16:32]} Bxd4 {[%clk 0:14:45]} 13. e5 {[%clk 0:15:42]} dxe5
{[%clk 0:13:36]} 14. Bxc6+ {[%clk 0:15:49]} bxc6 {[%clk 0:13:41]} 15. Qf3
{[%clk 0:15:40]} Rc8 {[%clk 0:13:09]} 16. Bxd4 {[%clk 0:14:38]} exd4
{[%clk 0:09:35]} 17. d3 {[%clk 0:12:59]} O-O {[%clk 0:09:37]} 18. Qe2
{[%clk 0:13:00]} Qd6 {[%clk 0:09:39]} 19. f4 {[%clk 0:13:01]} Rce8
{[%clk 0:07:43]} 20. Qe5 {[%clk 0:12:36]} Qxe5 {[%clk 0:05:30]} 21. fxe5
{[%clk 0:12:44]} Rb8 {[%clk 0:04:50]} 22. Rf6 {[%clk 0:12:13]} Rb7
{[%clk 0:03:59]} 23. Rbf1 {[%clk 0:10:14]} a5 {[%clk 0:04:00]} 24. R6f2
{[%clk 0:09:11]} a4 {[%clk 0:03:28]} 25. Rb2 {[%clk 0:08:44]} axb3
{[%clk 0:02:38]} 26. axb3 {[%clk 0:08:50]} Ra8 {[%clk 0:02:36]} 27. g4
{[%clk 0:08:27]} Ra3 {[%clk 0:02:29]} 28. Rfb1 {[%clk 0:08:33]} Rba7
{[%clk 0:02:06]} 29. Kf2 {[%clk 0:07:38]} Ra1 {[%clk 0:01:34]} 30. Rxa1
{[%clk 0:07:06]} Rxa1 {[%clk 0:01:43]} 31. b4 {[%clk 0:06:58]} cxb4
{[%clk 0:01:10]} 32. Rxb4 {[%clk 0:07:05]} Ra5 {[%clk 0:01:13]} 33. Rb8+
{[%clk 0:05:56]} Kg7 {[%clk 0:01:21]} 34. Rd8 {[%clk 0:06:05]} Rxe5
{[%clk 0:01:13]} 35. Rxd4 {[%clk 0:06:11]} h5 {[%clk 0:00:43]} 36. h3
{[%clk 0:05:21]} hxg4 {[%clk 0:00:47]} 37. hxg4 {[%clk 0:05:31]} c5
{[%clk 0:00:36]} 38. Rd7 {[%clk 0:05:23]} Kf6 {[%clk 0:00:27]} 39. Kf3
{[%clk 0:05:30]} g5 {[%clk 0:00:22]} 40. Kf2 {[%clk 0:04:09]} Kg6
{[%clk 0:00:31]} 41. Rd6 {[%clk 0:04:18]} f5 {[%clk 0:00:22]} 42. gxf5+
{[%clk 0:03:42]} Kxf5 {[%clk 0:00:30]} 43. d4 {[%clk 0:03:51]} cxd4
{[%clk 0:00:38]} 44. Rxd4 {[%clk 0:03:59]} Re4 {[%clk 0:00:26]} 45. Rd8
{[%clk 0:03:19]} Rxc4 {[%clk 0:00:34]} 46. Kf3 {[%clk 0:03:21]} Rc3+
{[%clk 0:00:42]} 47. Kf2 {[%clk 0:03:30]} g4 {[%clk 0:00:49]} 48. Rf8+
{[%clk 0:03:33]} Ke4 {[%clk 0:00:56]} 49. Rg8 {[%clk 0:02:39]} g3+
{[%clk 0:01:04]} 50. Kf1 {[%clk 0:02:27]} e5 {[%clk 0:01:13]} 51. Rg7
{[%clk 0:02:28]} Kf5 {[%clk 0:00:32]} 52. Rf7+ {[%clk 0:02:04]} Ke6
{[%clk 0:00:39]} 53. Rg7 {[%clk 0:01:37]} Kf6 {[%clk 0:00:47]} 54. Rg8
{[%clk 0:01:44]} Kf5 {[%clk 0:00:39]} 55. Rf8+ {[%clk 0:01:48]} Ke4
{[%clk 0:00:48]} 56. Rg8 {[%clk 0:01:46]} Rf3+ {[%clk 0:00:18]} 57. Kg2
{[%clk 0:01:47]} Ke3 {[%clk 0:00:27]} 58. Ra8 {[%clk 0:01:55]} e4
{[%clk 0:00:36]} 59. Ra4 {[%clk 0:01:58]} Kf4 {[%clk 0:00:43]} 60. Ra8
{[%clk 0:01:30]} Rf2+ {[%clk 0:00:51]} 61. Kg1 {[%clk 0:01:36]} Rb2
{[%clk 0:00:45]} 62. Rf8+ {[%clk 0:01:08]} Ke3 {[%clk 0:00:53]} 63. Rd8
{[%clk 0:01:11]} Rf2 {[%clk 0:00:39]} 64. Ra8 {[%clk 0:01:04]} Kf3
{[%clk 0:00:36]} 65. Rf8+ {[%clk 0:00:41]} Ke2 {[%clk 0:00:41]} 66. Rg8
{[%clk 0:00:33]} Rf7 {[%clk 0:00:15]} 67. Kg2 {[%clk 0:00:15]} e3
{[%clk 0:00:23]} 68. Rd8 {[%clk 0:00:21]} Rg7 {[%clk 0:00:24]} 69. Re8
{[%clk 0:00:15]} Kd2 {[%clk 0:00:25]} 70. Rd8+ {[%clk 0:00:17]} Ke1
{[%clk 0:00:28]} 71. Ra8 {[%clk 0:00:12]} e2 {[%clk 0:00:31]} 72. Ra1+
{[%clk 0:00:13]} Kd2 {[%clk 0:00:40]} 73. Ra2+ {[%clk 0:00:14]} Kd3
{[%clk 0:00:49]} 74. Ra3+ {[%clk 0:00:18]} Kd2 {[%clk 0:00:16]} 75. Ra2+
{[%clk 0:00:25]} Kd1 {[%clk 0:00:25]} 76. Ra1+ {[%clk 0:00:16]} Kc2
{[%clk 0:00:33]} 77. Ra2+ {[%clk 0:00:21]} Kd3 {[%clk 0:00:40]} 78. Ra3+
{[%clk 0:00:31]} Kd4 {[%clk 0:00:47]} 79. Ra4+ {[%clk 0:00:36]} Kc3
{[%clk 0:00:56]} 80. Ra3+ {[%clk 0:00:43]} Kd4 {[%clk 0:00:33]} 81. Ra4+
{[%clk 0:00:48]} Ke5 {[%clk 0:00:18]} 82. Ra5+ {[%clk 0:00:52]} Ke4
{[%clk 0:00:16]} 83. Ra4+ {[%clk 0:00:57]} Ke5 {[%clk 0:00:24]} 84. Ra5+
{[%clk 0:01:06]} Kf4 {[%clk 0:00:19]} 85. Ra4+ {[%clk 0:01:13]} Kg5
{[%clk 0:00:18]} 86. Re4 {[%clk 0:00:36]} Rf7 {[%clk 0:00:28]} 87. Rxe2
{[%clk 0:00:39]} Kf4 {[%clk 0:00:16]} 88. Ra2 {[%clk 0:00:43]} Rg7
{[%clk 0:00:20]} 89. Ra4+ {[%clk 0:00:50]} Kf5 {[%clk 0:00:24]} 90. Ra3
{[%clk 0:00:54]} Kf4 {[%clk 0:00:30]} 91. Rf3+ {[%clk 0:00:52]} Ke4
{[%clk 0:00:38]} 1/2-1/2

[Event "euyr2018"]
[Site "?"]
[Date "2018.05.25"]
[Round "2.15"]
[White "Turcan, Richard"]
[Black "Korenova, Simona"]
[Result "1-0"]
[BlackElo "1525"]
[WhiteElo "1943"]
[LiveChessVersion "1.4.8"]

1. e4 {[%clk 0:20:17]} c5 {[%clk 0:20:19]} 2. Nf3 {[%clk 0:20:25]} d6
{[%clk 0:20:29]} 3. d4 {[%clk 0:20:34]} cxd4 {[%clk 0:20:37]} 4. Nxd4
{[%clk 0:20:42]} Nf6 {[%clk 0:20:45]} 5. Nc3 {[%clk 0:20:50]} g6 {[%clk 0:20:54]}
6. Be3 {[%clk 0:20:59]} Bg7 {[%clk 0:21:03]} 7. f3 {[%clk 0:21:07]} O-O
{[%clk 0:21:08]} 8. Qd2 {[%clk 0:21:16]} Bd7 {[%clk 0:21:14]} 9. O-O-O
{[%clk 0:20:52]} Nc6 {[%clk 0:21:21]} 10. g4 {[%clk 0:20:27]} Rc8
{[%clk 0:21:03]} 11. g5 {[%clk 0:20:10]} Nh5 {[%clk 0:18:36]} 12. Be2
{[%clk 0:16:59]} Nxd4 {[%clk 0:15:56]} 13. Bxd4 {[%clk 0:17:08]} Bxd4
{[%clk 0:15:49]} 14. Qxd4 {[%clk 0:17:16]} Nf4 {[%clk 0:14:27]} 15. e5
{[%clk 0:14:35]} Nxe2+ {[%clk 0:14:27]} 16. Nxe2 {[%clk 0:14:44]} Bf5
{[%clk 0:14:01]} 17. Nc3 {[%clk 0:13:43]} dxe5 {[%clk 0:12:29]} 18. Qxe5
{[%clk 0:13:49]} Qb6 {[%clk 0:11:38]} 19. Qd4 {[%clk 0:08:11]} Qxd4
{[%clk 0:10:40]} 20. Rxd4 {[%clk 0:08:18]} b5 {[%clk 0:09:58]} 21. a3
{[%clk 0:07:59]} a6 {[%clk 0:09:42]} 22. Re1 {[%clk 0:07:41]} Rfe8
{[%clk 0:09:22]} 23. Re2 {[%clk 0:04:37]} e6 {[%clk 0:03:34]} 24. Rd6
{[%clk 0:03:34]} Ra8 {[%clk 0:03:08]} 25. Ne4 {[%clk 0:02:55]} Bxe4
{[%clk 0:03:00]} 26. Rxe4 {[%clk 0:02:56]} Red8 {[%clk 0:02:56]} 27. Red4
{[%clk 0:03:00]} Rxd6 {[%clk 0:02:52]} 28. Rxd6 {[%clk 0:03:09]} Kf8
{[%clk 0:02:54]} 29. Rb6 {[%clk 0:03:07]} Kg7 {[%clk 0:02:36]} 30. Kd2
{[%clk 0:02:24]} h6 {[%clk 0:02:29]} 31. h4 {[%clk 0:02:32]} hxg5
{[%clk 0:02:26]} 32. hxg5 {[%clk 0:02:40]} Kf8 {[%clk 0:01:19]} 33. Kc3
{[%clk 0:01:15]} Ke8 {[%clk 0:00:47]} 34. Kb4 {[%clk 0:00:36]} Rc8
{[%clk 0:00:36]} 35. Rxa6 {[%clk 0:00:27]} Rxc2 {[%clk 0:00:42]} 36. b3
{[%clk 0:00:35]} Rf2 {[%clk 0:00:35]} 37. Ra8+ {[%clk 0:00:37]} Ke7
{[%clk 0:00:41]} 38. Ra7+ {[%clk 0:00:46]} Ke8 {[%clk 0:00:41]} 39. Kxb5
{[%clk 0:00:29]} Rxf3 {[%clk 0:00:49]} 40. b4 {[%clk 0:00:38]} Rf5+
{[%clk 0:00:54]} 41. Kc6 {[%clk 0:00:46]} Rxg5 {[%clk 0:00:55]} 42. b5
{[%clk 0:00:49]} Rg3 {[%clk 0:00:39]} 43. b6 {[%clk 0:00:17]} Rc3+
{[%clk 0:00:47]} 44. Kd6 {[%clk 0:00:23]} Rd3+ {[%clk 0:00:52]} 45. Kc5
{[%clk 0:00:17]} Kd8 {[%clk 0:00:13]} 46. Rxf7 {[%clk 0:00:12]} Rxa3
{[%clk 0:00:12]} 47. b7 {[%clk 0:00:22]} Rb3 {[%clk 0:00:12]} 48. Kd6
{[%clk 0:00:27]} Rd3+ {[%clk 0:00:21]} 49. Kxe6 {[%clk 0:00:31]} Rb3
{[%clk 0:00:14]} 50. Rd7+ {[%clk 0:00:38]} Ke8 {[%clk 0:00:21]} 51. Rg7
{[%clk 0:00:39]} Kd8 {[%clk 0:00:29]} 52. Kd6 {[%clk 0:00:42]} Rd3+
{[%clk 0:00:32]} 53. Kc6 {[%clk 0:00:40]} Rc3+ {[%clk 0:00:41]} 54. Kb6
{[%clk 0:00:33]} Rb3+ {[%clk 0:00:50]} 55. Kc6 {[%clk 0:00:28]} Rc3+
{[%clk 0:00:56]} 56. Kd6 {[%clk 0:00:37]} Rd3+ {[%clk 0:01:02]} 57. Kc5
{[%clk 0:00:34]} Rb3 {[%clk 0:00:53]} 58. Kc6 {[%clk 0:00:37]} Rc3+
{[%clk 0:01:01]} 59. Kd6 {[%clk 0:00:46]} Rd3+ {[%clk 0:01:10]} 60. Ke5
{[%clk 0:00:52]} Rb3 {[%clk 0:01:14]} 61. Kf6 {[%clk 0:00:58]} Rf3+
{[%clk 0:01:08]} 62. Kxg6 {[%clk 0:01:00]} Rg3+ {[%clk 0:01:16]} 63. Kf6
{[%clk 0:01:10]} Rxg7 {[%clk 0:01:23]} 64. b8=Q+ {[%clk 0:01:18]} Kd7
{[%clk 0:01:19]} 65. Kxg7 {[%clk 0:01:26]} 1-0

[Event "euyr2018"]
[Site "?"]
[Date "2018.05.25"]
[Round "2.16"]
[White "Popovic, Martin"]
[Black "Pribyl, Viktor"]
[Result "0-1"]
[BlackElo "1908"]
[WhiteElo "1537"]
[LiveChessVersion "1.4.8"]

1. e4 {[%clk 0:20:19]} c5 {[%clk 0:20:19]} 2. Nf3 {[%clk 0:20:28]} d6
{[%clk 0:20:29]} 3. d4 {[%clk 0:20:36]} cxd4 {[%clk 0:20:38]} 4. Nxd4
{[%clk 0:20:45]} Nf6 {[%clk 0:20:47]} 5. Nc3 {[%clk 0:20:55]} a6 {[%clk 0:20:56]}
6. Bg5 {[%clk 0:21:03]} Nbd7 {[%clk 0:21:05]} 7. Qd2 {[%clk 0:20:06]} h6
{[%clk 0:20:33]} 8. Bh4 {[%clk 0:19:50]} e6 {[%clk 0:18:56]} 9. O-O-O Be7 10. f4
{[%clk 0:16:33]} O-O {[%clk 0:18:45]} 11. Be2 {[%clk 0:13:28]} Qc7
{[%clk 0:17:26]} 12. Bxf6 {[%clk 0:13:17]} Bxf6 {[%clk 0:17:18]} 13. g4
{[%clk 0:12:41]} e5 {[%clk 0:17:02]} 14. Nf5 {[%clk 0:12:15]} exf4
{[%clk 0:17:02]} 15. Nd5 {[%clk 0:12:14]} Qc5 {[%clk 0:15:36]} 16. Nxf6+
{[%clk 0:11:44]} Nxf6 {[%clk 0:15:44]} 17. Qxf4 {[%clk 0:11:45]} Bxf5
{[%clk 0:14:36]} 18. gxf5 {[%clk 0:10:22]} Qe5 {[%clk 0:12:56]} 19. Qxe5
{[%clk 0:10:03]} dxe5 {[%clk 0:13:05]} 20. Bf3 {[%clk 0:09:24]} Rfd8
{[%clk 0:10:04]} 21. c3 {[%clk 0:08:08]} Kf8 {[%clk 0:10:07]} 22. Kc2
{[%clk 0:08:17]} Ke7 {[%clk 0:08:33]} 23. Rxd8 {[%clk 0:07:49]} Rxd8
{[%clk 0:08:42]} 24. Rg1 {[%clk 0:07:58]} Rg8 {[%clk 0:07:50]} 25. h4
{[%clk 0:05:26]} g5 {[%clk 0:07:05]} 26. fxg6 {[%clk 0:05:34]} fxg6
{[%clk 0:07:10]} 27. Kd3 {[%clk 0:05:38]} g5 {[%clk 0:06:27]} 28. hxg5
{[%clk 0:05:35]} hxg5 {[%clk 0:05:48]} 29. Bg4 {[%clk 0:05:36]} Rd8+
{[%clk 0:03:55]} 30. Ke3 {[%clk 0:05:37]} Nxg4+ {[%clk 0:03:19]} 31. Rxg4
{[%clk 0:05:45]} Kf6 {[%clk 0:03:28]} 32. Rg2 {[%clk 0:04:11]} Kg6
{[%clk 0:03:12]} 33. b3 {[%clk 0:03:39]} Rd1 {[%clk 0:03:06]} 34. Ke2
{[%clk 0:03:04]} Rd6 {[%clk 0:03:07]} 35. Ke3 {[%clk 0:03:07]} Kh5
{[%clk 0:02:42]} 36. Rh2+ {[%clk 0:03:16]} Kg4 {[%clk 0:02:51]} 37. Rg2+
{[%clk 0:01:47]} Kh4 {[%clk 0:02:53]} 38. Rh2+ {[%clk 0:01:54]} Kg3
{[%clk 0:02:39]} 39. Rh1 {[%clk 0:01:04]} g4 {[%clk 0:01:39]} 40. Rg1+
{[%clk 0:00:56]} Kh3 {[%clk 0:01:37]} 41. a4 {[%clk 0:01:04]} g3 {[%clk 0:01:12]}
42. Rh1+ {[%clk 0:00:52]} Kg2 {[%clk 0:01:15]} 43. Rh5 {[%clk 0:01:01]} Re6
{[%clk 0:00:31]} 44. Ke2 {[%clk 0:00:50]} Kg1 {[%clk 0:00:12]} 45. Rg5
{[%clk 0:00:23]} g2 {[%clk 0:00:20]} 46. Rh5 {[%clk 0:00:22]} a5 {[%clk 0:00:21]}
47. Rh3 {[%clk 0:00:17]} Rb6 {[%clk 0:00:18]} 48. c4 {[%clk 0:00:18]} Rf6
{[%clk 0:00:26]} 49. Rh5 {[%clk 0:00:21]} b6 {[%clk 0:00:20]} 50. Rh3
{[%clk 0:00:13]} Rf2+ {[%clk 0:00:28]} 51. Ke1 {[%clk 0:00:22]} Rf4
{[%clk 0:00:29]} 52. Ke2 {[%clk 0:00:13]} Rxe4+ 53. Kf3 Rf4+ {[%clk 0:00:16]} 54.
Ke2 {[%clk 0:00:13]} Rg4 {[%clk 0:00:18]} 55. Rh5 {[%clk 0:00:19]} Rg6
{[%clk 0:00:24]} 56. Rh3 {[%clk 0:00:21]} Rg5 {[%clk 0:00:32]} 57. Rh6
{[%clk 0:00:28]} Rg3 {[%clk 0:00:40]} 58. Rh5 {[%clk 0:00:32]} Rxb3
{[%clk 0:00:47]} 59. Rh6 {[%clk 0:00:14]} Rc3 {[%clk 0:00:50]} 60. Rh4
{[%clk 0:00:23]} Ra3 {[%clk 0:00:57]} 61. Rh6 {[%clk 0:00:16]} Rxa4
{[%clk 0:01:05]} 62. Rxb6 {[%clk 0:00:25]} Rxc4 {[%clk 0:01:00]} 63. Kf3
{[%clk 0:00:27]} Rc3+ {[%clk 0:01:02]} 64. Ke2 {[%clk 0:00:34]} Kh2
{[%clk 0:01:07]} 65. Rh6+ {[%clk 0:00:43]} Rh3 {[%clk 0:01:16]} 0-1

[Event "euyr2018"]
[Site "?"]
[Date "2018.05.25"]
[Round "2.17"]
[White "Zetocha, Adrian"]
[Black "Cedzo, Adam"]
[Result "1-0"]
[BlackElo "1487"]
[WhiteElo "1887"]
[LiveChessVersion "1.4.8"]

1. d4 {[%clk 0:20:18]} Nf6 {[%clk 0:20:18]} 2. c4 {[%clk 0:20:26]} g6
{[%clk 0:20:10]} 3. Nc3 {[%clk 0:20:34]} Bg7 {[%clk 0:20:17]} 4. Nf3
{[%clk 0:20:42]} d6 {[%clk 0:20:24]} 5. Bg5 {[%clk 0:20:47]} Nbd7
{[%clk 0:20:26]} 6. e3 {[%clk 0:20:54]} O-O {[%clk 0:20:31]} 7. Be2
{[%clk 0:20:59]} e5 {[%clk 0:19:25]} 8. O-O {[%clk 0:20:47]} exd4
{[%clk 0:19:06]} 9. exd4 {[%clk 0:20:40]} Re8 {[%clk 0:18:41]} 10. Qc2
{[%clk 0:19:55]} c6 {[%clk 0:17:32]} 11. Rfe1 {[%clk 0:18:32]} Nb6
{[%clk 0:17:00]} 12. c5 {[%clk 0:17:37]} dxc5 {[%clk 0:16:16]} 13. dxc5
{[%clk 0:17:45]} Bf5 {[%clk 0:16:05]} 14. Qb3 {[%clk 0:17:46]} Be6
{[%clk 0:15:56]} 15. Qb4 {[%clk 0:17:17]} Nbd5 {[%clk 0:12:09]} 16. Nxd5
{[%clk 0:16:01]} Qxd5 {[%clk 0:11:44]} 17. Rad1 {[%clk 0:13:09]} Qxa2
{[%clk 0:10:19]} 18. Qxb7 {[%clk 0:13:01]} Bd5 {[%clk 0:09:10]} 19. Bf4
{[%clk 0:10:09]} Nh5 {[%clk 0:08:39]} 20. Bc1 {[%clk 0:06:39]} Rab8
{[%clk 0:08:19]} 21. Qd7 {[%clk 0:06:41]} Qb3 {[%clk 0:07:07]} 22. Nd2
{[%clk 0:05:14]} Qb4 {[%clk 0:05:10]} 23. Bxh5 {[%clk 0:02:34]} Rxe1+
{[%clk 0:05:18]} 24. Rxe1 {[%clk 0:02:43]} gxh5 {[%clk 0:05:26]} 25. Qxa7
{[%clk 0:02:46]} Bxb2 {[%clk 0:03:33]} 26. Bxb2 {[%clk 0:02:47]} Qxb2
{[%clk 0:03:40]} 27. h3 {[%clk 0:02:50]} Kg7 {[%clk 0:02:52]} 28. Rb1
{[%clk 0:02:12]} Qxb1+ {[%clk 0:02:25]} 29. Nxb1 {[%clk 0:02:21]} Rxb1+
{[%clk 0:02:34]} 30. Kh2 {[%clk 0:02:28]} Rf1 {[%clk 0:01:55]} 31. Qc7
{[%clk 0:02:09]} h4 {[%clk 0:01:32]} 32. Qf4 {[%clk 0:02:05]} Re1
{[%clk 0:01:18]} 33. Qg5+ {[%clk 0:01:53]} Kf8 {[%clk 0:01:13]} 34. Qxh4
{[%clk 0:02:00]} Kg8 {[%clk 0:01:06]} 35. Qg5+ {[%clk 0:01:39]} Kh8
{[%clk 0:01:07]} 36. h4 {[%clk 0:01:26]} Re2 {[%clk 0:00:14]} 37. Qf6+
{[%clk 0:01:27]} Kg8 {[%clk 0:00:16]} 38. h5 {[%clk 0:01:30]} Re6
{[%clk 0:00:21]} 39. Qg5+ {[%clk 0:01:35]} Kh8 {[%clk 0:00:22]} 40. h6
{[%clk 0:01:37]} Rg6 {[%clk 0:00:15]} 41. Qd8+ {[%clk 0:01:44]} 1-0

[Event "euyr2018"]
[Site "?"]
[Date "2018.05.25"]
[Round "2.18"]
[White "Sosovickova, Jana"]
[Black "Sobek, Michal"]
[Result "1-0"]
[BlackElo "1830"]
[WhiteElo "1515"]
[LiveChessVersion "1.4.8"]

1. d4 {[%clk 0:20:18]} Nf6 {[%clk 0:20:18]} 2. Nf3 {[%clk 0:20:26]} g6
{[%clk 0:20:27]} 3. Bf4 {[%clk 0:20:30]} Bg7 {[%clk 0:20:12]} 4. e3
{[%clk 0:20:30]} O-O {[%clk 0:20:03]} 5. Bd3 {[%clk 0:20:14]} d6 {[%clk 0:20:00]}
6. O-O {[%clk 0:20:04]} Nh5 {[%clk 0:19:49]} 7. Bg5 {[%clk 0:19:36]} Nd7
{[%clk 0:19:08]} 8. Nbd2 {[%clk 0:19:06]} Ndf6 {[%clk 0:17:03]} 9. Ne4
{[%clk 0:17:42]} Nxe4 {[%clk 0:13:55]} 10. Bxe4 {[%clk 0:17:41]} f5
{[%clk 0:14:04]} 11. Bd5+ {[%clk 0:17:33]} Kh8 {[%clk 0:13:53]} 12. c3
{[%clk 0:15:41]} Nf6 {[%clk 0:13:54]} 13. Qb3 {[%clk 0:15:07]} Nxd5
{[%clk 0:13:07]} 14. Qxd5 {[%clk 0:15:09]} c6 {[%clk 0:13:16]} 15. Qb3
{[%clk 0:15:02]} Qc7 {[%clk 0:13:21]} 16. Rfe1 {[%clk 0:14:18]} e5
{[%clk 0:13:06]} 17. dxe5 {[%clk 0:13:30]} dxe5 {[%clk 0:13:12]} 18. h3
{[%clk 0:12:46]} Re8 {[%clk 0:12:31]} 19. Rad1 {[%clk 0:11:50]} Be6
{[%clk 0:12:37]} 20. Qa3 Bd5 {[%clk 0:10:15]} 21. Nd2 {[%clk 0:10:03]} Qb6
{[%clk 0:09:31]} 22. b3 {[%clk 0:09:02]} h6 {[%clk 0:06:24]} 23. Be7
{[%clk 0:08:51]} a5 {[%clk 0:05:12]} 24. c4 {[%clk 0:08:07]} Be6 {[%clk 0:03:43]}
25. Qd6 {[%clk 0:06:57]} Bf7 {[%clk 0:03:23]} 26. Nf3 {[%clk 0:06:30]} Qb4
{[%clk 0:02:05]} 27. Nxe5 {[%clk 0:05:59]} Rxe7 {[%clk 0:02:06]} 28. Nxg6+
{[%clk 0:05:20]} Bxg6 {[%clk 0:02:13]} 29. Qxg6 {[%clk 0:05:28]} Qc5
{[%clk 0:02:20]} 30. Rd3 {[%clk 0:04:58]} f4 {[%clk 0:01:33]} 31. Red1
{[%clk 0:04:59]} Qb6 {[%clk 0:00:44]} 32. Rd7 {[%clk 0:03:59]} Rae8
{[%clk 0:00:32]} 33. exf4 {[%clk 0:03:57]} Qc5 {[%clk 0:00:23]} 34. Rd8
{[%clk 0:03:40]} Re1+ {[%clk 0:00:23]} 35. Rxe1 {[%clk 0:03:45]} Rxd8 36. Re8+
{[%clk 0:03:51]} Rxe8 {[%clk 0:00:41]} 37. Qxe8+ {[%clk 0:03:59]} Qf8
{[%clk 0:00:49]} 38. Qxf8+ {[%clk 0:03:56]} Bxf8 {[%clk 0:00:58]} 39. Kf1
{[%clk 0:04:02]} Kg7 {[%clk 0:01:08]} 40. Ke2 {[%clk 0:04:07]} Kf6
{[%clk 0:01:17]} 41. g4 {[%clk 0:03:15]} Bd6 {[%clk 0:00:56]} 42. Kf3
{[%clk 0:02:59]} Bc5 {[%clk 0:01:04]} 43. Ke2 {[%clk 0:03:04]} Ke6
{[%clk 0:00:37]} 44. f3 {[%clk 0:03:05]} Bd6 {[%clk 0:00:36]} 45. Ke3
{[%clk 0:03:10]} Bc5+ {[%clk 0:00:42]} 46. Ke4 {[%clk 0:03:12]} Be7
{[%clk 0:00:44]} 47. f5+ {[%clk 0:02:35]} Kf6 {[%clk 0:00:30]} 48. f4
{[%clk 0:02:22]} h5 {[%clk 0:00:26]} 49. g5+ {[%clk 0:02:18]} Kf7
{[%clk 0:00:24]} 50. f6 {[%clk 0:02:13]} Bb4 {[%clk 0:00:27]} 51. Kf5
{[%clk 0:02:20]} Bd2 {[%clk 0:00:33]} 52. g6+ {[%clk 0:02:20]} Kf8
{[%clk 0:00:41]} 53. Kg5 {[%clk 0:02:11]} h4 {[%clk 0:00:50]} 54. Kxh4
{[%clk 0:02:03]} Bxf4 {[%clk 0:00:59]} 55. Kg4 {[%clk 0:02:11]} Bd2
{[%clk 0:01:04]} 56. Kf5 {[%clk 0:01:58]} b5 {[%clk 0:01:11]} 57. Ke6
{[%clk 0:01:47]} a4 {[%clk 0:01:00]} 58. h4 {[%clk 0:01:35]} axb3
{[%clk 0:01:06]} 59. axb3 {[%clk 0:01:43]} bxc4 {[%clk 0:01:14]} 60. bxc4
{[%clk 0:01:52]} Bc1 {[%clk 0:01:21]} 61. h5 {[%clk 0:01:32]} Bd2
{[%clk 0:01:27]} 62. c5 {[%clk 0:01:12]} Be3 {[%clk 0:01:35]} 63. Kd6
{[%clk 0:01:16]} Bd4 {[%clk 0:01:44]} 64. f7 {[%clk 0:01:24]} 1-0

[Event "euyr2018"]
[Site "?"]
[Date "2018.05.25"]
[Round "2.19"]
[White "Sowinski, Maciej"]
[Black "Bochnicka, Vladimir"]
[Result "0-1"]
[BlackElo "1799"]
[WhiteElo "1415"]
[LiveChessVersion "1.4.8"]

1. e4 {[%clk 0:20:17]} c5 {[%clk 0:20:18]} 2. Nf3 {[%clk 0:20:13]} Nc6
{[%clk 0:20:27]} 3. Nc3 {[%clk 0:20:19]} d6 {[%clk 0:20:16]} 4. d4
{[%clk 0:20:25]} cxd4 {[%clk 0:20:25]} 5. Nxd4 {[%clk 0:20:33]} Nf6
{[%clk 0:20:14]} 6. Be2 {[%clk 0:20:26]} g6 {[%clk 0:18:57]} 7. O-O
{[%clk 0:20:19]} Bg7 {[%clk 0:19:06]} 8. Be3 {[%clk 0:19:50]} O-O
{[%clk 0:19:03]} 9. h3 {[%clk 0:19:56]} Bd7 {[%clk 0:19:04]} 10. Bf3
{[%clk 0:17:35]} Rc8 {[%clk 0:18:19]} 11. Ncb5 {[%clk 0:14:21]} a6
{[%clk 0:17:29]} 12. Nxc6 {[%clk 0:14:23]} bxc6 {[%clk 0:16:01]} 13. Nc3
{[%clk 0:12:47]} Rb8 {[%clk 0:15:36]} 14. Rb1 {[%clk 0:10:32]} Qc7
{[%clk 0:12:49]} 15. b3 {[%clk 0:09:09]} Be6 {[%clk 0:12:25]} 16. Ne2
{[%clk 0:07:40]} Rfd8 {[%clk 0:09:31]} 17. Bf4 {[%clk 0:05:35]} c5
{[%clk 0:08:07]} 18. c4 {[%clk 0:05:44]} Nd7 {[%clk 0:08:07]} 19. Qc2
{[%clk 0:05:34]} Ne5 {[%clk 0:08:09]} 20. Bxe5 {[%clk 0:05:23]} Bxe5
{[%clk 0:08:18]} 21. Nc3 {[%clk 0:05:25]} Qd7 {[%clk 0:07:15]} 22. Be2
{[%clk 0:04:55]} Bxh3 {[%clk 0:06:35]} 23. gxh3 {[%clk 0:02:57]} Qxh3
{[%clk 0:06:43]} 24. f4 {[%clk 0:03:06]} Bd4+ {[%clk 0:06:53]} 25. Rf2
{[%clk 0:02:48]} Qg3+ {[%clk 0:07:02]} 26. Kh1 {[%clk 0:02:51]} Bxf2
{[%clk 0:07:05]} 27. Qd3 {[%clk 0:01:40]} Be3 {[%clk 0:07:14]} 28. Bf1
{[%clk 0:01:29]} Qg1# 0-1